000 00755nmc a2200301 a 4500
003 AR-BaBNM
005 20251128202734.0
008 270120s1992 ||||||||||||||000 | spa||
020 _a87-7100-259-0
040 _cAR-BaBNM
100 1 _aBeinart, Haim
245 1 0 _aLos judíos en España
250 _a1ª ed.
260 _aMadrid
_bMapfre
_c1992
300 _a262 p.
490 0 _aAmérica 92
_vv. 8
500 _aContiene referencias bibliográficas
650 4 _aECONOMIA
650 4 _aHISTORIA POLITICA
650 4 _aJUDIOS
650 4 _aMISIONES JESUITICAS
650 4 _aMISIONES RELIGIOSAS
650 4 _aHISTORIA SOCIAL
651 4 _aPortugal
800 1 _aGallego, José Andrés
_ecoordinador
942 _cBK
998 _cMariana
999 _c336
_d336